书目信息 |
| 题名: |
学会吃!快速调理高血脂
|
|
| 作者: | 胡维勤 主编 | |
| 分册: | ||
| 出版信息: | 哈尔滨 黑龙江科学技术出版社 2018.01 |
|
| 页数: | 198页 | |
| 开本: | 22cm | |
| 丛书名: | ||
| 单 册: | ||
| 中图分类: | R259.892 , R247.1 | |
| 科图分类: | ||
| 主题词: | 高血脂病--食物疗法 , 中医学:临床医学 | |
| 电子资源: | ||
| ISBN: | 978-7-5388-9440-0 | |
| 000 | 00896nam0 2200253 450 | |
| 001 | 406 | |
| 005 | 20180922104307.58 | |
| 010 | @a978-7-5388-9440-0@b精装@dCNY39.80 | |
| 100 | @a20180217d2018 em y0chiy50 ea | |
| 101 | 0 | @achi |
| 102 | @aCN@b230000 | |
| 105 | @aa z 000yy | |
| 200 | 1 | @a学会吃!快速调理高血脂@9xue hui chi!kuai su tiao li gao xue zhi@f胡维勤主编 |
| 210 | @a哈尔滨@c黑龙江科学技术出版社@d2018.01 | |
| 215 | @a198页@c图,照片@d22cm | |
| 300 | @a金版健康文库 美好生活典藏书系 | |
| 330 | @a本书从日常饮食出发,挑选了众多能有效降脂的食材,并告诉大家如何用这些食材制作降脂食谱,希望高血脂患者不再为吃而烦恼,能在享受美食的同时,将血脂控制好。 | |
| 606 | 0 | @a高血脂病@x食物疗法 |
| 606 | 0 | @a中医学:临床医学 |
| 690 | @aR259.892@v5 | |
| 690 | @aR247.1@v4 | |
| 701 | 0 | @a胡维勤@9hu wei qin@f(1934-)@4主编 |
| 801 | 0 | @aCN@b91MARC@c20180217 |
| 905 | @aMuseLib@dR247.1@e432 | |
| 学会吃!快速调理高血脂/胡维勤主编.-哈尔滨:黑龙江科学技术出版社,2018.01 |
| 198页:图,照片;22cm |
| 金版健康文库 美好生活典藏书系 |
| ISBN 978-7-5388-9440-0(精装):CNY39.80 |
| 本书从日常饮食出发,挑选了众多能有效降脂的食材,并告诉大家如何用这些食材制作降脂食谱,希望高血脂患者不再为吃而烦恼,能在享受美食的同时,将血脂控制好。 |
| ● |
| 相关链接 |
|
|
|
|
正题名:学会吃!快速调理高血脂
索取号:R247.1/432
 
预约/预借
| 序号 | 登录号 | 条形码 | 馆藏地/架位号 | 状态 | 备注 |
| 1 | 1119729 | 211197293 | 第二样本阅览室/ [索取号:R247.1/432] | 在馆 | |
| 2 | 1119730 | 211197300 | 第三借阅区/ [索取号:R247.1/432] | 在馆 | |
| 3 | 1119731 | 211197319 | 第三借阅区/ [索取号:R247.1/432] | 在馆 | |
| 4 | 1119732 | 211197328 | 第三借阅区/ [索取号:R247.1/432] | 在馆 | |
| 5 | 1119733 | 211197337 | 密集书库-生命科学系/ [索取号:R247.1/432] | 在馆 |